| 000 | 00419nam a2200181Ia 4500 | ||
|---|---|---|---|
| 001 | 2857 | ||
| 005 | 20260306144838.0 | ||
| 008 | 260306t1997||||xx |||||||||||||| ||spa|| | ||
| 041 | _aESP | ||
| 082 |
_a230.2092 _bI39 |
||
| 100 |
_aIllanes, José Luis _eAUT |
||
| 245 | 0 | _aIglesia en la historia | |
| 260 | _c1997 | ||
| 300 |
_a272 páginas : _c20 cm. |
||
| 650 | _aGEN | ||
| 654 | _aCHU | ||
| 942 |
_cLIB _dJUS _fJUS _2ddc _n |
||
| 999 |
_c2857 _d2857 |
||